000 00235nam a2200097Ia 4500
008 190216s9999||||xx |||||||||||||| ||und||
100 _aSoma Sundaran K
245 0 _aTelephone Prathishtapanam
260 _bKerala Basha Inst
942 _cBK
999 _c37728
_d37728